El Derecho Internacional del Agua Los acuf̕eros transfronterizos /

Bibliographic Details
Main Author: Movilla Pateiro, Laura
Format: eBook
Language:Spanish
Published: Barcelona: J.M. Bosch Editor, 2014
Subjects:
Online Access:Acceso restringido

MARC

LEADER 00000nam a22000007a 4500
005 20150813225823.0
007 cr|||| |||
008 150813s2014 es |||||s|||| 00||0 spa d
020 |a 978-84-943023-2-9 
035 |a 12833 
040 |a vLex 
090 |c 5549  |d 5549 
100 1 |a Movilla Pateiro, Laura 
245 1 3 |a El Derecho Internacional del Agua  |h [Recurso electrn̤ico] :  |b Los acuf̕eros transfronterizos /  |c Laura Movilla Pateiro 
256 |a Servicio en ln̕ea 
260 |a Barcelona:  |b J.M. Bosch Editor,  |c 2014 
300 |a 1 recurso electrn̤ico 
500 |a El agua es un recurso vital, por lo que resulta extremadamente importante regular todos los lugares en los que se encuentra, incluidos los acuf̕eros, la mayor fuente de agua dulce disponible para la Humanidad. En este libro se ofrece un estudio de la regulacin̤ internacional de los recursos hd̕ricos compartidos, tanto por el Derecho de los Cursos de Agua Internacionales tradicional como de sus desarrollos ms̀ recientes, procedentes del Derecho Internacional del Medio Ambiente, el Derecho Internacional Econm̤ico o el Derecho Internacional de los Derechos Humanos, y, de forma especial, el incipiente rǧimen jurd̕ico de los acuf̕eros transfronterizos. Adems̀, se analiza cm̤o se han plasmado en esta regulacin̤ la soberana̕ y la cooperacin̤. Por un lado, los Estados ejercen su soberana̕ sobre el agua que se encuentra en su territorio, a pesar del encaje imperfecto que pueda tener sobre un recurso fluido, en constante movimiento y transformacin̤ a travš del ciclo hidrolg̤ico y que no conoce de fronteras. Adems̀, presenta particularidades en relacin̤ con los acuf̕eros, sobre todo, debido a la existencia de una formacin̤ geolg̤ica contenedora de las aguas subterrǹeas. Por otro, la cooperacin̤ sobre los recursos hd̕ricos compartidos es consustancial a la propia historia de su regulacin̤ y cuenta con una multiplicidad de manifestaciones a nivel interestatal, regional y universal, predominando sobre las muestras de conflicto. No obstante, la dimensin̤ global de los recursos hd̕ricos y de los problemas a los que tienen que hacer frente pone de manifiesto las limitaciones de los enfoques puramente interestatales en su ordenacin̤ y han provocado, incluso, el surgimiento de tendencias internacionalizadoras sobre los mismos. Tendencias que, paradj̤icamente, conviven con intentos de reforzamiento de los derechos soberanos de los Estados sobre los recursos hd̕ricos situados en su territorio. 
506 1 |a Disponible solo en los productos indicados  |d vLex Global  |d vLex Global (Academic Edition, excluding Law Schools)  |d vLex Global (U.S. Academic Edition, Law Schools)  |d vLex Global (U.S. Academic Edition, excluding Law Schools)  |d vLex Global (Academic Edition, Law Schools) 
650 0 4 |a Derecho Civil  |z Espaą 
650 0 4 |a Derecho Internacional  |z Espaą 
740 0 |a vLex Libros (Servicio en ln̕ea) 
856 4 0 |u http://vlex.com/source/derecho-internacional-del-agua-los-acuiferos-transfronterizos-12833  |z Acceso restringido 
942 |c BOOK 
999 0 |a Civil Law 
999 0 |a International Law